00439nam a2200109Ia 4500008004100000050002700041100002900068245009500097260008600192300002800278521002300306140724s9999 xx 000 0 und d aPN 1992.94b.C131 2009 aCaga-anan, Cheryl Lee O. 2aA video production thesis on the effects of child sexual abuse /cCheryl Lee O. Caga-anan. aLas Piñas, Philippines :bSouthville International School and Colleges,cc2009. a72 p. :bill. ;c28 cm. aMass Communication